Lectura de "La estación que sigue al verano"

Sábháilte in:
Sonraí bibleagrafaíochta
Príomhchruthaitheoir: Porras León, Rita Ma
Formáid: LEABHAR
Teanga:Undetermined
Foilsithe / Cruthaithe: San José, Costa Rica Escuela de Filología, Lingüística y Literatura,Universidad de Costa Rica 1990
Ábhair:
Clibeanna: Cuir clib leis
Níl clibeanna ann, Bí ar an gcéad duine le clib a chur leis an taifead seo!

MARC

LEADER 00000nam a2200000Ia 4500
008 170316s9999 xx 000 0 und d
040 |a cru BVZT 
090 |a TESIS 423 
100 |a Porras León, Rita Ma. 
245 |a Lectura de "La estación que sigue al verano" 
260 |a San José, Costa Rica 
260 |b Escuela de Filología, Lingüística y Literatura,Universidad de Costa Rica 
260 |c 1990 
300 |a 136 páginas 
650 |a LICENCIATURA EN FILOLOGÍA ESPAÑOLA 
650 |a TRABAJO FINAL DE GRADUACIÓN 
999 |c 14062  |d 14062 
942 |c TFG  |h TESIS 423  |2 z